[Event "Calvia Amateur op 16th"]
[Site "Calvia"]
[Date "2019.10.08"]
[Round "4"]
[White "Borovnica, Tihomir"]
[Black "Guski, Dietmar"]
[Result "1/2-1/2"]
[WhiteElo "2231"]
[BlackElo "2052"]
[PlyCount "75"]
[EventDate "2019.10.05"]
[EventType "swiss"]
[EventRounds "9"]
[EventCountry "ESP"]
[SourceTitle "CBM 192 Extra"]
[Source "Chessbase"]
[SourceDate "2019.11.06"]
[SourceVersion "1"]
[SourceVersionDate "2019.11.06"]
[SourceQuality "1"]

1. d4 Nf6 2. c4 e6 3. Nc3 c5 4. d5 exd5 5. cxd5 d6 6. e4 g6 7. f4 Bg7 8. Bb5+ Nfd7 9. a4 Qh4+ 10. g3 Qe7 11. Nf3 0-0 12. 0-0 Na6 13. Re1 Nc7 14. Bf1 a6 15. e5 Ne8 16. e6 Ndf6 17. Ng5 fxe6 18. Nxe6 Bxe6 19. Rxe6 Qd7 20. Bh3 Nc7 21. Kg2 Qd8 22. Re1 Re8 23. f5 Rxe1 24. Qxe1 Qe8 25. Bf4 Nfxd5 26. Qxe8+ Rxe8 27. Bxd6 Nxc3 28. bxc3 Nd5 29. fxg6 hxg6 30. Bxc5 Nxc3 31. Bg4 Re4 32. Bf3 Rc4 33. Bf2 Rxa4 34. Rxa4 Nxa4 35. Bxb7 a5 36. Bd5+ Kh7 37. Be1 Nc3 38. Bxc3 1/2-1/2

[Event "Calvia Amateur op 16th"]
[Site "Calvia"]
[Date "2019.10.06"]
[Round "2"]
[White "Ramis Sebastia, Jordi Salvador"]
[Black "Guski, Dietmar"]
[Result "0-1"]
[WhiteElo "1576"]
[BlackElo "2052"]
[PlyCount "60"]
[EventDate "2019.10.05"]
[EventType "swiss"]
[EventRounds "9"]
[EventCountry "ESP"]
[SourceTitle "CBM 192 Extra"]
[Source "Chessbase"]
[SourceDate "2019.11.06"]
[SourceVersion "1"]
[SourceVersionDate "2019.11.06"]
[SourceQuality "1"]

1. d4 Nf6 2. c4 e6 3. Nc3 c5 4. d5 exd5 5. Nxd5 Nxd5 6. Qxd5 Nc6 7. Nf3 d6 8. e3 Be7 9. a3 0-0 10. Be2 Be6 11. Qd1 Bf6 12. 0-0 Na5 13. Qc2 Qb6 14. Rb1 Nb3 15. Nd2 Nxd2 16. Bxd2 d5 17. cxd5 Bxd5 18. b4 c4 19. Bc3 Rfe8 20. Rfd1 Be4 21. Qb2 Bxc3 22. Qxc3 Bxb1 23. Rxb1 Rac8 24. Rd1 Red8 25. Rf1 Qd6 26. Bg4 Rc7 27. f4 b5 28. Rd1 Qe7 29. Rf1 Rd3 30. Qc1 Qxe3+ 0-1

[Event "Calvia Amateur op 12th"]
[Site "Calvia"]
[Date "2015.10.18"]
[Round "9"]
[White "Frey, Armin"]
[Black "Guski, Dietmar"]
[Result "1-0"]
[WhiteElo "1967"]
[BlackElo "2046"]
[PlyCount "61"]
[EventDate "2015.10.10"]
[EventType "swiss"]
[EventRounds "9"]
[EventCountry "ESP"]
[SourceTitle "EXT 2019"]
[Source "ChessBase"]
[SourceDate "2018.10.10"]
[SourceVersion "1"]
[SourceVersionDate "2018.10.10"]
[SourceQuality "1"]

1. f4 Nf6 2. Nf3 g6 3. Nc3 d5 4. e3 Bg7 5. d4 0-0 6. Bd3 c5 7. dxc5 Qa5 8. 0-0 Qxc5 9. Kh1 Nc6 10. Qe1 a6 11. h3 Qd6 12. e4 dxe4 13. Nxe4 Nxe4 14. Bxe4 Bf5 15. Bxf5 gxf5 16. c3 Rad8 17. Be3 Qd3 18. Bb6 Rd5 19. Rd1 Qb5 20. Qf2 Rxd1 21. Rxd1 Qa4 22. Rd7 Qxf4 23. Rxb7 e5 24. Nh4 Qc1+ 25. Kh2 f4 26. Nf5 Bf6 27. Qf3 Qc2 28. Nh6+ Kg7 29. Qxc6 Bh4 30. Ng4 e4 31. Qh6+ 1-0

[Event "Wuerttemberg-ch KT"]
[Site "Stuttgart"]
[Date "2010.09.05"]
[Round "9"]
[White "Guski, Dietmar"]
[Black "Imhof, Thomas"]
[Result "0-1"]
[WhiteElo "2102"]
[BlackElo "2064"]
[PlyCount "100"]
[EventDate "2010.08.28"]
[EventType "swiss"]
[EventRounds "9"]
[EventCountry "GER"]
[SourceTitle "EXT 2017"]
[Source "ChessBase"]
[SourceDate "2016.10.25"]
[SourceVersion "1"]
[SourceVersionDate "2016.10.25"]
[SourceQuality "1"]

1. e4 g6 2. d4 Bg7 3. Nc3 d6 4. Be3 Nf6 5. f3 0-0 6. Qd2 e5 7. Nge2 exd4 8. Nxd4 Re8 9. Bc4 a6 10. a4 Nc6 11. 0-0 Bd7 12. Rfd1 Nxd4 13. Bxd4 Be6 14. Bf1 Nd7 15. Bxg7 Kxg7 16. Nd5 Bxd5 17. Qxd5 Rb8 18. c4 Qf6 19. Qd2 Nc5 20. Ra3 a5 21. Qc3 Qxc3 22. Rxc3 b6 23. b3 f5 24. exf5 gxf5 25. Kf2 f4 26. Re1 Rxe1 27. Kxe1 Re8+ 28. Kd2 Re5 29. g4 c6 30. Bd3 d5 31. cxd5 cxd5 32. Bc2 d4 33. Rc4 Re3 34. Bd1 Nxb3+ 35. Bxb3 Rxb3 36. Rxd4 Rxf3 37. Ke2 Rh3 38. Rxf4 Rxh2+ 39. Kd3 Kg6 40. Re4 Kg5 41. Kc3 Rg2 42. Re6 Rxg4 43. Rxb6 Rxa4 44. Ra6 h5 45. Kd3 Ra2 46. Ke3 h4 47. Kf3 h3 48. Ra8 h2 49. Rg8+ Kf6 50. Rh8 a4 0-1

[Event "Wuerttemberg-ch KT"]
[Site "Stuttgart"]
[Date "2010.09.02"]
[Round "6"]
[White "Hamm, Lukas"]
[Black "Guski, Dietmar"]
[Result "1-0"]
[WhiteElo "1777"]
[BlackElo "2102"]
[PlyCount "75"]
[EventDate "2010.08.28"]
[EventType "swiss"]
[EventRounds "9"]
[EventCountry "GER"]
[SourceTitle "EXT 2017"]
[Source "ChessBase"]
[SourceDate "2016.10.25"]
[SourceVersion "1"]
[SourceVersionDate "2016.10.25"]
[SourceQuality "1"]

1. e4 c5 2. Nf3 Nc6 3. d4 cxd4 4. Nxd4 Nf6 5. Nc3 e5 6. Ndb5 d6 7. Nd5 Nxd5 8. exd5 Nb8 9. c4 Be7 10. Be2 a6 11. Nc3 0-0 12. 0-0 f5 13. f4 Nd7 14. Kh1 Bf6 15. Qc2 exf4 16. Bxf4 Ne5 17. b4 Bd7 18. c5 Rc8 19. c6 bxc6 20. Bxa6 Rb8 21. dxc6 Bxc6 22. b5 Bb7 23. Bxb7 Rxb7 24. Qb3+ Kh8 25. Nd5 Ng4 26. Nxf6 Nxf6 27. a4 Ne4 28. a5 Qf6 29. a6 Nc5 30. Qc4 Rb6 31. a7 Ra8 32. Qd5 Qf8 33. Be3 Rxb5 34. Rxf5 Qc8 35. Qxd6 h6 36. Rxc5 Rxa7 37. Rxc8+ Kh7 38. Rac1 1-0

[Event "Wuerttemberg-ch KT"]
[Site "Stuttgart"]
[Date "2010.08.29"]
[Round "2"]
[White "Guski, Dietmar"]
[Black "Altimira, Jordi"]
[Result "1-0"]
[WhiteElo "2102"]
[BlackElo "1828"]
[PlyCount "93"]
[EventDate "2010.08.28"]
[EventType "swiss"]
[EventRounds "9"]
[EventCountry "GER"]
[SourceTitle "EXT 2017"]
[Source "ChessBase"]
[SourceDate "2016.10.25"]
[SourceVersion "1"]
[SourceVersionDate "2016.10.25"]
[SourceQuality "1"]

1. e4 c5 2. Nf3 d6 3. d4 cxd4 4. Qxd4 a6 5. Bg5 Nc6 6. Qd2 h6 7. Bh4 g5 8. Bg3 Bg7 9. c3 Be6 10. Na3 Nf6 11. Bd3 Nh5 12. Nc2 Nxg3 13. hxg3 Rc8 14. 0-0 Ne5 15. Nxe5 Bxe5 16. f4 gxf4 17. gxf4 Bf6 18. Ne3 Qa5 19. Qf2 Qh5 20. Be2 Qh4 21. Bf3 Qxf2+ 22. Kxf2 Rg8 23. Rh1 Bg7 24. Rad1 Bd7 25. Rh5 Rc5 26. Rxc5 dxc5 27. Rd5 b6 28. Rh5 Be6 29. Nd5 Bxd5 30. Rxd5 Bf6 31. g3 e6 32. Rd6 Bd8 33. e5 Ke7 34. Bc6 a5 35. Rd7+ Ke8 36. Rd6+ Ke7 37. Rd7+ Ke8 38. Rd3+ Ke7 39. Kf3 Rh8 40. Rd7+ Ke8 41. Rd2+ Ke7 42. g4 Rg8 43. f5 exf5 44. gxf5 h5 45. Rd7+ Ke8 46. Rd6+ Ke7 47. f6+ 1-0

[Event "Obersulm op"]
[Site "Obersulm"]
[Date "2008.08.27"]
[Round "5"]
[White "Schwerteck, Michael"]
[Black "Guski, Dietmar"]
[Result "1/2-1/2"]
[WhiteElo "2157"]
[BlackElo "2123"]
[PlyCount "59"]
[EventDate "2008.08.23"]
[EventType "swiss"]
[EventRounds "9"]
[EventCountry "GER"]
[SourceTitle "CBM 126 Extra"]
[Source "ChessBase"]
[SourceDate "2008.11.05"]
[SourceVersion "1"]
[SourceVersionDate "2008.11.05"]
[SourceQuality "1"]

1. d4 Nf6 2. c4 e6 3. Nc3 c5 4. d5 exd5 5. cxd5 d6 6. e4 g6 7. Bd3 Bg7 8. h3 0-0 9. Nf3 b5 10. Bxb5 Nxe4 11. Nxe4 Qa5+ 12. Nfd2 Qxb5 13. Nxd6 Qa6 14. N2c4 Rd8 15. Bf4 Nd7 16. 0-0 Nb6 17. Nxb6 Qxb6 18. Nxc8 Raxc8 19. Rb1 Qb7 20. d6 Bf8 21. Qd2 Rc6 22. Rfd1 Bxd6 23. Bxd6 Qa6 24. Qg5 Rdxd6 25. Rxd6 Rxd6 26. Qxc5 Qxa2 27. Qc8+ Kg7 28. Qc3+ Kg8 29. Re1 Qa4 30. Qc8+ 1/2-1/2

[Event "Berlin op 08"]
[Site "Berlin"]
[Date "2006.08.24"]
[Round "6"]
[White "Kuhn, Christian1111"]
[Black "Guski, Dietmar"]
[Result "1/2-1/2"]
[WhiteElo "1818"]
[BlackElo "2050"]
[PlyCount "53"]
[EventDate "2006.08.19"]
[EventType "swiss"]
[EventRounds "9"]
[EventCountry "GER"]
[SourceTitle "EXT 2007"]
[Source "ChessBase"]
[SourceDate "2006.11.23"]
[SourceVersion "1"]
[SourceVersionDate "2006.11.23"]
[SourceQuality "1"]

1. c4 Nf6 2. g3 e6 3. Bg2 c5 4. Nf3 d5 5. cxd5 exd5 6. d4 Nc6 7. 0-0 Be7 8. Nc3 0-0 9. dxc5 Bxc5 10. Na4 Be7 11. Nd4 Bg4 12. Re1 Qd7 13. Be3 Ne5 14. b3 Bh3 15. Rc1 Rac8 16. Qd2 Bxg2 17. Kxg2 b5 18. Nb2 Ba3 19. f3 a6 20. Rxc8 Rxc8 21. Rc1 Re8 22. Rc2 g6 23. Nd3 Bd6 24. Nxe5 Bxe5 25. Bf4 Bxd4 26. Qxd4 Qf5 27. Qd3 1/2-1/2

[Event "Berlin op 08"]
[Site "Berlin"]
[Date "2006.08.23"]
[Round "5"]
[White "Guski, Dietmar"]
[Black "Rehfeldt, Andreas"]
[Result "1-0"]
[WhiteElo "2050"]
[BlackElo "1758"]
[PlyCount "93"]
[EventDate "2006.08.19"]
[EventType "swiss"]
[EventRounds "9"]
[EventCountry "GER"]
[SourceTitle "EXT 2007"]
[Source "ChessBase"]
[SourceDate "2006.11.23"]
[SourceVersion "1"]
[SourceVersionDate "2006.11.23"]
[SourceQuality "1"]

1. e4 e6 2. d4 d5 3. Nc3 Nf6 4. Bg5 Be7 5. e5 Nfd7 6. h4 Bxg5 7. hxg5 Qxg5 8. Nh3 Qe7 9. Nf4 g6 10. Qg4 c6 11. 0-0-0 Na6 12. Bd3 Nf8 13. Rh6 Bd7 14. Bxa6 bxa6 15. Na4 Rb8 16. Nc5 Rb6 17. Nfd3 Bc8 18. Rdh1 Kd8 19. R1h3 Ke8 20. Rf3 Rb8 21. c3 Rb6 22. Kc2 Qc7 23. Rf6 Qe7 24. Nf4 Rb5 25. Nfd3 Rb6 26. Rf3 Qc7 27. Ne1 Qe7 28. Rf4 Rb5 29. Qf3 Qc7 30. Rf6 Qe7 31. Ned3 Rb6 32. Nf4 Rb5 33. Nfd3 Rb6 34. b3 a5 35. Qe3 Ba6 36. Rh3 Bxd3+ 37. Qxd3 Rb5 38. Rhf3 Rb8 39. Rxf7 Qxf7 40. Rxf7 Kxf7 41. Qf3+ Kg8 42. Qf6 Re8 43. Nb7 Nd7 44. Qg5 Kg7 45. Nd6 Rd8 46. Qe7+ Kh6 47. Nf7+ 1-0

[Event "Gibraltar Masters"]
[Site "Gibraltar"]
[Date "2006.02.02"]
[Round "10"]
[White "Sisask, Jesper"]
[Black "Guski, Dietmar"]
[Result "1-0"]
[WhiteElo "2196"]
[BlackElo "2106"]
[PlyCount "83"]
[EventDate "2006.01.24"]
[EventType "swiss"]
[EventRounds "10"]
[EventCountry "ENG"]
[SourceTitle "CBM 110 Extra"]
[Source "ChessBase"]
[SourceDate "2006.03.10"]
[SourceVersion "2"]
[SourceVersionDate "2006.03.10"]
[SourceQuality "1"]

1. e4 c5 2. Nf3 Nc6 3. Bb5 g6 4. Bxc6 dxc6 5. d3 Bg7 6. h3 Nf6 7. Nc3 0-0 8. Be3 b6 9. Qd2 Ne8 10. Bh6 Nc7 11. h4 f6 12. e5 Bf5 13. 0-0-0 Nd5 14. Ne2 Nb4 15. a3 a5 16. Bxg7 Kxg7 17. Ng3 Qc8 18. axb4 axb4 19. Qf4 Be6 20. Ne4 b3 21. c4 Qa6 22. exf6+ exf6 23. Kd2 Bxc4 24. dxc4 Qxc4 25. Ke3 Ra4 26. Rd7+ Kg8 27. Nfd2 Qe6 28. Qc7 Re8 29. f3 f5 30. Rxh7 Qf6 31. Qd7 fxe4 32. Qxe8+ Kxh7 33. Qd7+ Kh6 34. Nxe4 Qxb2 35. Qe8 Qd4+ 36. Kf4 Kg7 37. Qe7+ Kh6 38. g4 Qg7 39. g5+ Kh7 40. Qe8 Qc7+ 41. Ke3 Rxe4+ 42. Qxe4 1-0

[Event "Gibraltar Masters"]
[Site "Gibraltar"]
[Date "2006.02.01"]
[Round "9"]
[White "Guski, Dietmar"]
[Black "Baena Navarro, Antonia"]
[Result "1/2-1/2"]
[WhiteElo "2106"]
[BlackElo "2019"]
[PlyCount "89"]
[EventDate "2006.01.24"]
[EventType "swiss"]
[EventRounds "10"]
[EventCountry "ENG"]
[SourceTitle "CBM 110 Extra"]
[Source "ChessBase"]
[SourceDate "2006.03.10"]
[SourceVersion "2"]
[SourceVersionDate "2006.03.10"]
[SourceQuality "1"]

1. e4 e5 2. Nf3 Nc6 3. d4 exd4 4. Bc4 Nf6 5. e5 d5 6. Bb5 Ne4 7. Nxd4 Bd7 8. Bxc6 bxc6 9. 0-0 Bc5 10. f3 Ng5 11. Be3 Bb6 12. Qd2 h6 13. Nb3 Qe7 14. Re1 Rd8 15. Nc3 Bf5 16. Bxb6 axb6 17. Nd4 Bd7 18. f4 Ne4 19. Nxe4 dxe4 20. Qc3 c5 21. Ne2 0-0 22. Ng3 f5 23. exf6 Rxf6 24. Rxe4 Qd6 25. Rae1 Bc6 26. Re7 Qd5 27. R1e2 Qd1+ 28. Re1 Qd5 29. R1e2 Qd1+ 30. Qe1 Qd4+ 31. Qf2 Qxb2 32. Rxc7 Rd1+ 33. Nf1 Rg6 34. g3 Qc3 35. Rce7 Rgd6 36. Qe3 Qc4 37. Qe5 Qd4+ 38. Qxd4 R6xd4 39. Kf2 Bb5 40. Re1 Rxe1 41. Kxe1 Bxf1 42. Kxf1 Ra4 43. Ke2 Rxa2 44. Kd2 Ra1 45. Kc3 1/2-1/2

[Event "Gibraltar Masters"]
[Site "Gibraltar"]
[Date "2006.01.31"]
[Round "8"]
[White "Cafolla, Peter"]
[Black "Guski, Dietmar"]
[Result "0-1"]
[WhiteElo "2080"]
[BlackElo "2106"]
[PlyCount "52"]
[EventDate "2006.01.24"]
[EventType "swiss"]
[EventRounds "10"]
[EventCountry "ENG"]
[SourceTitle "CBM 110 Extra"]
[Source "ChessBase"]
[SourceDate "2006.03.10"]
[SourceVersion "2"]
[SourceVersionDate "2006.03.10"]
[SourceQuality "1"]

1. d4 Nf6 2. c4 e6 3. Nc3 c5 4. e3 d5 5. Nf3 Nc6 6. a3 a6 7. cxd5 exd5 8. dxc5 Bxc5 9. b4 Ba7 10. Bb2 0-0 11. Ne2 Bg4 12. h3 Bh5 13. Nf4 Bxf3 14. gxf3 d4 15. e4 Re8 16. Bd3 Qd6 17. Ne2 Ne5 18. Ng3 Rac8 19. Nf5 Qd7 20. Kf1 Kh8 21. Rc1 Nh5 22. Bb1 Nf4 23. Rxc8 Rxc8 24. Qd2 Qb5+ 25. Bd3 Qxd3+ 26. Qxd3 Nexd3 0-1

[Event "Staufer op 15th"]
[Site "Schwaebisch Gmuend"]
[Date "2003.01.05"]
[Round "8"]
[White "Guski, Dietmar"]
[Black "Haag, Ulrich"]
[Result "1-0"]
[WhiteElo "2090"]
[BlackElo "2192"]
[PlyCount "63"]
[EventDate "2003.01.02"]
[EventType "swiss"]
[EventRounds "9"]
[EventCountry "GER"]
[SourceTitle "EXT 2004"]
[Source "ChessBase"]
[SourceDate "2003.11.25"]
[SourceVersion "1"]
[SourceVersionDate "2003.11.25"]
[SourceQuality "1"]

1. e4 e6 2. d4 d5 3. Nc3 Nf6 4. Bg5 Be7 5. e5 Nfd7 6. h4 a6 7. Qg4 f5 8. Qh5+ g6 9. Qh6 Bxg5 10. hxg5 Qe7 11. Nge2 Nf8 12. Nf4 c6 13. Be2 Rg8 14. 0-0-0 Kd8 15. g4 Rg7 16. gxf5 gxf5 17. Rdg1 Bd7 18. g6 Be8 19. gxh7 Rxh7 20. Nxe6+ Nxe6 21. Qxh7 Nd7 22. Qxe7+ Kxe7 23. Rh7+ Bf7 24. Bh5 Rf8 25. Rxf7+ Rxf7 26. Bxf7 Kxf7 27. Ne2 Ndf8 28. c3 Ng6 29. Ng3 Nef4 30. Kd2 Nh3 31. Rh1 Nxf2 32. Rf1 1-0

[Event "Staufer op 15th"]
[Site "Schwaebisch Gmuend"]
[Date "2003.01.02"]
[Round "2"]
[White "Guski, Dietmar"]
[Black "Dittmar, Peter"]
[Result "0-1"]
[WhiteElo "2090"]
[BlackElo "2320"]
[PlyCount "100"]
[EventDate "2003.01.02"]
[EventType "swiss"]
[EventRounds "9"]
[EventCountry "GER"]
[SourceTitle "EXT 2004"]
[Source "ChessBase"]
[SourceDate "2003.11.25"]
[SourceVersion "1"]
[SourceVersionDate "2003.11.25"]
[SourceQuality "1"]

1. e4 e6 2. d4 d5 3. Nc3 a6 4. Nf3 Nf6 5. Bg5 Be7 6. e5 Nfd7 7. Bxe7 Qxe7 8. Qd2 c5 9. Ne2 cxd4 10. Nexd4 Nc6 11. 0-0-0 Ndxe5 12. Nxe5 Nxe5 13. Re1 Qf6 14. f4 Nc6 15. Nb3 0-0 16. g4 a5 17. g5 Qd8 18. a4 Qb6 19. Bb5 Na7 20. Nd4 Nxb5 21. Nxb5 Bd7 22. Re3 Rac8 23. Rb3 Rc4 24. Nc3 Rb4 25. Qd1 Rc8 26. Kb1 Rxb3 27. cxb3 Qe3 28. Rf1 Bc6 29. Rf3 Qc5 30. Rd3 Qf2 31. Qd2 Qxd2 32. Rxd2 g6 33. Ne2 Kg7 34. Nd4 h6 35. Rc2 hxg5 36. fxg5 Bd7 37. Rxc8 Bxc8 38. Kc2 Kf8 39. Kc3 Ke7 40. b4 axb4+ 41. Kxb4 e5 42. Nf3 Kd6 43. a5 d4 44. Nd2 Kd5 45. h4 e4 46. Nc4 Be6 47. Nb6+ Kc6 48. Na4 d3 49. Nc5 Bf5 50. Nb3 Kd5 0-1

[Event "Peregrina op 18th"]
[Site "Pontevedra"]
[Date "2002.08.18"]
[Round "6.10"]
[White "Guski, Dietmar"]
[Black "Piankov, Evgenij"]
[Result "0-1"]
[WhiteElo "2041"]
[BlackElo "2341"]
[PlyCount "132"]
[EventDate "2002.08.13"]
[EventType "swiss"]
[EventRounds "9"]
[EventCountry "ESP"]
[SourceTitle "EXT 2003"]
[Source "ChessBase"]
[SourceDate "2002.11.25"]
[SourceVersion "1"]
[SourceVersionDate "2002.11.25"]
[SourceQuality "1"]

1. e4 c6 2. Nc3 d5 3. f4 dxe4 4. Nxe4 Nf6 5. Nf2 g6 6. Nf3 Bg7 7. Bc4 0-0 8. 0-0 c5 9. Ne5 Nbd7 10. Qe2 Nb6 11. Bb3 Qd6 12. d3 Be6 13. Bd2 Bxb3 14. axb3 Nbd5 15. Rae1 e6 16. Rd1 Qc7 17. Ne4 Nxe4 18. Qxe4 Rfd8 19. Kh1 Nf6 20. Qe2 a5 21. Bc3 Nd5 22. Bd2 a4 23. bxa4 Rxa4 24. c4 Ne7 25. Bc3 Nf5 26. Ra1 Rda8 27. Rxa4 Rxa4 28. b3 Ra8 29. Qb2 h5 30. d4 cxd4 31. Bxd4 Rd8 32. Bc3 Ne3 33. Re1 Nd1 34. Qc1 Nxc3 35. Qxc3 Qc5 36. h3 Qf2 37. Qe3 Rd2 38. Qxf2 Rxf2 39. Nd3 Rd2 40. Nc5 b6 41. Ne4 Rb2 42. Re3 h4 43. g4 hxg3 44. Rxg3 Re2 45. Nd6 Rf2 46. Nc8 Bd4 47. Ne7+ Kf8 48. Nc6 Rxf4 49. Rd3 e5 50. Kg2 Kg7 51. b4 Kf6 52. Rf3 Rxf3 53. Kxf3 Bg1 54. Ke4 Ke6 55. Nd8+ Ke7 56. Nc6+ Kd6 57. Nd8 f5+ 58. Kd3 e4+ 59. Ke2 Bd4 60. Kd2 Bf6 61. c5+ Kd7 62. Nf7 bxc5 63. bxc5 Bd4 64. c6+ Kxc6 65. Ng5 Kd5 66. Ke2 Bf6 0-1